Entry Personal Name
Number of records used in: 2
001 - CONTROL NUMBER
003 - CONTROL NUMBER IDENTIFIER
005 - DATE AND TIME OF LATEST TRANSACTION
- control field:
20230905150420.0
008 - FIXED-LENGTH DATA ELEMENTS
- fixed length control field:
900220n| azannaabn |b aaa
010 ## - LIBRARY OF CONGRESS CONTROL NUMBER
- LC control number:
n 90612980
035 ## - SYSTEM CONTROL NUMBER
- System control number:
(OCoLC)oca02689660
040 ## - CATALOGING SOURCE
- Original cataloging agency:
DLC
- Language of cataloging:
eng
- Description conventions:
rda
- Transcribing agency:
DLC
- Modifying agency:
DLC
- Modifying agency:
OCoLC
- Modifying agency:
DLC
- Modifying agency:
OkU
- Modifying agency:
UPB
- Modifying agency:
IEN
046 ## - SPECIAL CODED DATES
100 1# - HEADING--PERSONAL NAME
- Personal name:
Dalrymple, William
370 ## - ASSOCIATED PLACE
- Place of birth:
Edinburgh (Scotland)
- Source of term:
naf
370 ## - ASSOCIATED PLACE
- Other associated place:
London (England)
- Source of term:
naf
370 ## - ASSOCIATED PLACE
- Other associated place:
New Delhi (India)
- Source of term:
naf
371 ## - ADDRESS
- Electronic mail address:
www.williamdalrymple,uk.com
372 ## - FIELD OF ACTIVITY
- Field of activity:
Humanities
- Source of term:
lcsh
373 ## - ASSOCIATED GROUP
- Associated group:
Jaipur Literature Festival
373 ## - ASSOCIATED GROUP
- Associated group:
Princeton University
- Source of term:
naf
374 ## - OCCUPATION
- Occupation:
Historians
- Source of term:
lcsh
374 ## - OCCUPATION
- Occupation:
Art historians
- Source of term:
lcsh
374 ## - OCCUPATION
374 ## - OCCUPATION
- Occupation:
Broadcasters
- Source of term:
lcsh
375 ## - GENDER
377 ## - ASSOCIATED LANGUAGE
400 1# - SEE FROM TRACING--PERSONAL NAME
- Personal name:
Hamilton-Dalrymple, William
400 1# - SEE FROM TRACING--PERSONAL NAME
- Personal name:
דאלרימפל, ויליאם
670 ## - SOURCE DATA FOUND
- Source citation:
His In Xanadu, 1989:
- Information found:
CIP t.p. (William Dalrymple) copr. (William Hamilton-Dalrymple) Brit. CIP (Hamilton-Dalrymple, William)
670 ## - SOURCE DATA FOUND
- Source citation:
Bookseller, no. 5551:
- Information found:
p. 24 (b. Edinburgh, 1965)
670 ## - SOURCE DATA FOUND
- Source citation:
Wikipedia, viewed December 9, 2013:
- Information found:
William Dalrymple (historian) (born William Hamilton-Dalrymple 20 March 1965 is an award winning British historian and writer, art historian and curator, as well as a prominent broadcaster and critic. He is also one of the co-founders and co-directors of the annual Jaipur Literature Festival. In 2012 he was appointed Whitney J. Oates Visiting Fellow in the Humanities by Princeton University.)
- Uniform Resource Identifier:
http://en.wikipedia.org/wiki/William_Dalrymple_(historian)
670 ## - SOURCE DATA FOUND
- Source citation:
From the Holy Mountain, 2012:
- Information found:
page 1 (William Dalrymple divides his time between New Delhi and London; www.williamdalrymple,uk.com)